Pribaltijsko-finskoje jazykoznanije : k 70-letiju so dnja roždenija D.V. Bubricha /

Další autoři: Chjamjaljajnen, M.M., Beljakov, A.A.
Jazyk: Ruština
Vydáno: Moskva : AN SSSR, 1961
Edice: Trudy Karel‘skogo filiala Akademii nauk SSSR
Témata:
Fyzický popis: 134 s., obr. příl. : il.
Knihy
Uloženo v:
LEADER 01049nam a22002772a 4500
001 001747800
003 CZ BrMZK
005 20200826071359.0
007 ta
008 200511s1961 ru af er|||||||||||rus d
040 |a ABD01  |b cze  |d BOA001 
072 7 |a 811.17  |x Baltské jazyky  |2 Konspekt  |9 11 
245 0 0 |a Pribaltijsko-finskoje jazykoznanije :  |b k 70-letiju so dnja roždenija D.V. Bubricha /  |c otvetstvennyje redaktory M.M. Chjamjaljajnen, A.A. Beljakov 
260 |a Moskva :  |b AN SSSR,  |c 1961 
300 |a 134 s., obr. příl. :  |b il. 
490 1 |a Trudy Karel‘skogo filiala Akademii nauk SSSR ;  |v vyp. 23 
650 0 7 |a baltské jazyky  |7 ph118744  |2 czenas 
650 0 7 |a jazykový kontakt  |7 ph196645  |2 czenas 
650 0 7 |a finština  |7 ph120253  |2 czenas 
700 1 |a Chjamjaljajnen, M.M.  |4 edt 
700 1 |a Beljakov, A.A.  |4 edt 
830 0 |a Trudy Karel‘skogo filiala Akademii nauk SSSR 
910 |a BOA001  |b 3-0455.558 
990 |a BK 
991 |b 202005 
996 7 |b 2618885255  |c 3-0455.558  |l MZK  |r Sklad / do 1 hodiny  |n 0  |w 001800233  |u 000010  |a 1  |e BOA001  |j MZK50  |s A